000 01594nam a22002537a 4500
999 _c21953
_d21953
003 AR-CdUCM
008 190425b ||||| |||| 00| 0 spa d
040 _aMUNICIPALIDAD PROVINCIAL DEL CUSCO
_cBIBLIOTECA MUNICIPAL DEL CUSCO
082 _aCantua/N°12/2003
245 _aRevista Cantua /
_cÓrgano del Centro de estudiantes de Ciencias Biológicas
260 _aCusco :
_bÓrgano del Centro de estudiantes de Ciencias Biológicas,
_c2003.
300 _a100 páginas. :
_bilustraciones ;
_c29 cm.
440 _aCantua
_nNúmero 12, año 2003.
_946976
500 _aEdición en homenaje póstumo a César Vargas Calderón
505 _aContenido: En busca del Trifunus melancolicus, homenaje postumo al fundador del herbario Vargas-Cuz, al conmemorar el centenario de su nacimiento. -- César Vargas investigador y maestro. -- Biografía de JUlio César Vargas Calderón .-- Especies de la flora lomal en el afloramiento Geológico Cretácico Yuncaypata en Urubamba Cusco. -- Huacarpay relicto de bosque seco de valle interandino, inventario florístico de un ecosistema en peligro. -- Importancia de los humedales interandinos en las provincias de Quispicanchis, Calca y Urubamba. -- La biosfera del Manu. -- Cúpula de aire contaminado en la baja troposfera de la ciudad de Cusco. -- Plantas transgénicas...
650 _aBiología
_9881
650 _aEcología
_94960
650 _aInsectos
_946969
650 _aCusco
_9772
700 _aTupayachi Herrera, Alfredo
_920659
710 _aUniversidad Nacional de San Antonio Abad del Cusco
_915942
942 _2ddc
_cPP
945 _arac